000 00817cam a22002414a 4500
001 12648383
005 20250307155600.0
008 020117s2003 maua 001 0 eng
020 _a0072472960 (alk. paper)
020 _a0071194576 (international : alk. paper)
020 _a9780072472967
050 0 0 _aHF5635
_b.F95 2003
082 0 0 _a657
_221
245 0 0 _aFundamental financial accounting concepts /
_cThomas P. Edmonds ... [et al.].
250 _a4th ed.
260 _aBoston, Mass. :
_bMcGraw-Hill,
_cc2003.
300 _axxviii, 676 p. :
_bcol. ill. ;
_c29 cm.
500 _aA variety of multi-media instructional aids, including a web site, are available to supplement the text.
500 _aIncludes index.
650 0 _aAccounting.
700 1 _aEdmonds, Thomas P.
942 _2lcc
_cBK
_e4th Ed.
_n0
999 _c4549
_d4549